Learning Japanese hiragana and katakana : a workbook for self-study /

Bibliographic Details
Main Authors: Henshall, Kenneth G. (Author), Takagaki, Tetsuo (Author)
Format: Book
Language:English
Japanese
Published: Tokya : Rutland, Vermont : Tuttle Publishing, 2005.
Edition:Revised Second edition.
Subjects:
Classic Catalogue: View this record in Classic Catalogue
LEADER 03749nam a2200469 i 4500
001 44968
003 BD-DhAAL
005 20251021154946.0
008 140728s2014 vtu 000 0 eng
010 |a  2014947071 
020 |a 9784805312278 
020 |a 9780804833912 
020 |a 9781462901814 (ebk.) 
035 |a 18244910 
040 |a DLC  |b eng  |e rda  |c DLC  |d DLC  |d BD-DhAAL 
041 |a eng  |a jpn 
042 |a pcc 
050 0 0 |a PL539.5.E5  |b T23 2014 
082 |a 495.682421  |2 23 
100 1 |a Henshall, Kenneth G.,  |e author.  |9 59704 
245 1 0 |a Learning Japanese hiragana and katakana :  |b a workbook for self-study /  |c Kenneth G. Henshall, Tetsuo Takagaki. 
250 |a Revised Second edition. 
260 |a Tokya :  |b Rutland, Vermont :  |b Tuttle Publishing,  |c 2005. 
300 |a 128 pages ;  |c 26 cm 
500 |a Previous first edition had Tetsuo Takagagi as the first author. 
500 |a "This is a revised edition of a long-selling classic workbook include the following..., 1990" Page 4 of Cover. 
526 |a CSE  |x Annajiat Alim Rasel Senior Lecturer Department of Computer Science and Engineering BRAC University Course Name : Japanese Language and General for ITEE (JPN 101)  
541 |a Hye Trade International   |e 44968, 44969, 44970, 44971, 44972 
650 0 |a Japanese language  |v Textbooks for foreign speakers  |x English.  |9 59285 
650 0 |a Japanese language  |x Writing  |v Problems, exercises, etc.  |9 59703 
650 0 |a Japanese language  |v Self-instruction.  |9 59616 
650 0 |a Japanese language  |x Writing  |x Hiragana.  |9 59612 
650 0 |a Japanese language  |x Writing  |x Kana.  |9 59289 
700 1 |a Takagaki, Tetsuo,  |e author.  |9 59705 
852 |a Ayesha Abed Library  |c General Stacks 
942 |2 ddc  |c BK 
999 |c 47495  |d 47495 
952 |0 0  |1 0  |2 ddc  |4 0  |6 495_682421000000000_HEN  |7 0  |9 78383  |a BRACUL  |b BRACUL  |c GEN  |d 2025-10-19  |e Hye Trade International  |g 1957.00  |l 1  |o 495.682421 HEN  |p 3010044972  |r 2026-04-16  |s 2026-04-12  |t 5  |v 3914.00  |w 2025-10-19  |y BK  |x Requisitioned by Annajiat Alim Rasel (Senior Lecturer, Department of Computer Science and Engineering, BRAC University) for the course named - 'Japanese Language and General for ITEE (JPN 101)' 
952 |0 0  |1 0  |2 ddc  |4 0  |6 495_682421000000000_HEN  |7 0  |9 78384  |a BRACUL  |b BRACUL  |c GEN  |d 2025-10-19  |e Hye Trade International  |g 1957.00  |l 0  |o 495.682421 HEN  |p 3010044970  |r 2025-10-19  |t 3  |v 3914.00  |w 2025-10-19  |y BK  |x Requisitioned by Annajiat Alim Rasel (Senior Lecturer, Department of Computer Science and Engineering, BRAC University) for the course named - 'Japanese Language and General for ITEE (JPN 101)' 
952 |0 0  |1 0  |2 ddc  |4 0  |6 495_682421000000000_HEN  |7 0  |9 78385  |a BRACUL  |b BRACUL  |c CIR  |d 2025-10-19  |e Hye Trade International  |g 1957.00  |l 0  |o 495.682421 HEN  |p 3010044969  |r 2025-10-19  |t 2  |v 3914.00  |w 2025-10-19  |y 1HOUR  |x Requisitioned by Annajiat Alim Rasel (Senior Lecturer, Department of Computer Science and Engineering, BRAC University) for the course named - 'Japanese Language and General for ITEE (JPN 101)' 
952 |0 0  |1 0  |2 ddc  |4 0  |6 495_682421000000000_HEN  |7 0  |9 78386  |a BRACUL  |b BRACUL  |c GEN  |d 2025-10-19  |e Hye Trade International  |g 1957.00  |l 0  |o 495.682421 HEN  |p 3010044971  |r 2025-10-19  |t 4  |v 3914.00  |w 2025-10-19  |y BK  |x Requisitioned by Annajiat Alim Rasel (Senior Lecturer, Department of Computer Science and Engineering, BRAC University) for the course named - 'Japanese Language and General for ITEE (JPN 101)' 
952 |0 0  |1 0  |2 ddc  |4 0  |6 495_682421000000000_HEN  |7 0  |9 78387  |a BRACUL  |b BRACUL  |c NEW  |d 2025-10-19  |e Hye Trade International  |g 1957.00  |l 0  |o 495.682421 HEN  |p 3010044968  |r 2025-10-19  |t 1  |v 3914.00  |w 2025-10-19  |y BK  |x Requisitioned by Annajiat Alim Rasel (Senior Lecturer, Department of Computer Science and Engineering, BRAC University) for the course named - 'Japanese Language and General for ITEE (JPN 101)'